000 00335nam a2200133 i 4500
001 bg
100 1 _aSCHILLER, J.
245 0 _aChiWriter 3.11. :
_bprogram do pisania i redagowania tekstów /
_cJ. Schiller.
260 _aWarszawa,
_c1990.
040 _cBPK
041 _apol
942 _cKS
008 s pl f |000 0 pol
999 _c4194
_d4194
856 _uhttp://koha.tu.koszalin.pl/cgi-bin/koha/opac-detail.pl?biblionumber=4194
_yKatalog online BPK